| 000 | 01050nam a2200301 a 4500 | ||
|---|---|---|---|
| 001 | BRL_1087 | ||
| 003 | FranzMayer | ||
| 005 | 20230918122042.0 | ||
| 008 | 081113s2000----mx-ao#####---#000-0#spa-# | ||
| 020 | _a9701829905 | ||
| 040 | _cMFM | ||
| 041 | _aspa | ||
| 044 | _amx | ||
| 050 | 4 |
_aN7914.A1 _b.F4 2000 |
|
| 245 | 1 | 0 |
_aFe, arte y cultura _bSanto Niño de Atocha, exvotos |
| 260 |
_aMéxico _bCNCA : INBA : Museo Casa Estudio Diego Rivera y Frida Kahlo : Mexic-Arte Museum : Dio´cesis de Zacatecas, Santuario de Plateros _c2000 |
||
| 300 |
_a153 p. _bil. todas a color _c27 cm. |
||
| 500 | _aUn ejemplar en Anexo 1 | ||
| 500 | _aAu2352 | ||
| 650 | 1 | 4 |
_aAtocha, Santo Niño de _vExposiciones _xArte _925773 |
| 650 | 1 | 4 |
_aSantos en el arte _vExposiciones _zMéxico _925774 |
| 650 | 1 | 4 |
_aArte popular _vExposiciones _zMéxico _91706 |
| 650 | 1 | 4 |
_aExvotos _vExposiciones _zMéxico _93807 |
| 710 | 2 |
_aMuseo Casa Estudio Diego Rivera y Frida Kahlo _925775 |
|
| 710 | 2 |
_aMexic-Arte Museum (Austin, Tex.) _925776 |
|
| 902 | _aGRL | ||
| 942 |
_2lcc _cB |
||
| 999 |
_c9899 _d9899 |
||